Technical report writing today (Record no. 4917)

000 -LEADER
fixed length control field 00481 a2200169 4500
020 ## - INTERNATIONAL STANDARD BOOK NUMBER
International Standard Book Number 817473029
040 ## - CATALOGING SOURCE
Original cataloging agency DLC
Language of cataloging DLC
082 00 - DEWEY DECIMAL CLASSIFICATION NUMBER
Classification number 808.0666
100 1# - MAIN ENTRY--PERSONAL NAME
Personal name Pauley, Steven E.
245 10 - TITLE STATEMENT
Title Technical report writing today
Statement of responsibility, etc. Steven E. Pauley, Daniel G. Riordan.
250 ## - EDITION STATEMENT
Edition statement 4th ed.
260 ## - PUBLICATION, DISTRIBUTION, ETC.
Place of publication, distribution, etc. Boston :
Name of publisher, distributor, etc. Houghton Mifflin Co.,
Date of publication, distribution, etc. c1993.
300 ## - PHYSICAL DESCRIPTION
Extent xxii, 481 p. :
Other physical details ill. ;
Dimensions 24 cm.
650 #0 - SUBJECT ADDED ENTRY--TOPICAL TERM
Topical term or geographic name entry element Technical writing.
700 1# - ADDED ENTRY--PERSONAL NAME
Personal name Riordan, Daniel G.
942 ## - ADDED ENTRY ELEMENTS (KOHA)
Koha item type Book
Call number prefix 808.0666 PAU
Source of classification or shelving scheme
Holdings
Withdrawn status Lost status Damaged status Not for loan Collection code Permanent Location Current Location Shelving location Date acquired Source of acquisition Cost, normal purchase price Total Checkouts Total Renewals Full call number Barcode Date last seen Date last checked out Price effective from Koha item type
          Central Library (CL) Central Library (CL) General Stacks 05/23/2005 Allied Book Company 256.72 6 4 808.0666 PAU SEECS005784 02/14/2024 09/27/2023 01/05/2017 Book
          Central Library (CL) Central Library (CL) General Stacks 04/15/2014     2   808.0666 PAU SEECSD00017 09/22/2014 07/22/2014 01/05/2017 Book
© 2023 Central Library, National University of Sciences and Technology. All Rights Reserved.